Když roboti určují cenu pojištění

V neistom svete, v ktorom každý deň môže priniesť nové výzvy, sa neživotné poistenie javí ako nepostrádateľný pilier stability. Chráni naše domovy, vozidlá a podniky pred nepredvídateľnými pohromami. V tomto článku sa autor zameria ako na tradičné metódy jeho cenotvorby, tak na ich transformáciu pro...

Description complète

Enregistré dans:
Détails bibliographiques
Auteur principal: Šiška, Jakub
Format: Chapitre de livre
Langue:tchèque
Sujets:
Tags: Ajouter un tag
Pas de tags, Soyez le premier à ajouter un tag!

MARC

LEADER 00000naa a2200000 4500
001 0299939
005 20240417075310.8
041 0 |a cze 
044 |a CZ 
245 1 0 |a Když roboti určují cenu pojištění  |c Jakub Šiška 
520 |a V neistom svete, v ktorom každý deň môže priniesť nové výzvy, sa neživotné poistenie javí ako nepostrádateľný pilier stability. Chráni naše domovy, vozidlá a podniky pred nepredvídateľnými pohromami. V tomto článku sa autor zameria ako na tradičné metódy jeho cenotvorby, tak na ich transformáciu prostredníctvom technológií a umelej inteligencie. Pozrie sa aj na regulácie, ktoré budú túto transformáciu ovplyvňovať. 
610 2 0 |a robotizácia 
610 2 0 |a inteligencia umelá 
610 2 0 |a poistenie neživotné 
610 2 0 |a tvorba cien 
610 2 0 |a transformácia digitálna 
610 2 0 |a regulácia 
100 1 |a Šiška, Jakub